African General Knowledge Quiz - Statistics

General Stats
  • This quiz has been taken 115 times
  • The average score is 6 of 15
Answer Stats
Question Answer % Correct
What is the largest country by land area? Algeria
72%
What is the country with the most country borders Democratic Republic of Congo
69%
Which African country is known as the rainbow nation due to diverse culture and languages? South Africa
69%
Which African country has the strongest military? Egypt
67%
Idi Amin was the president of which country? Uganda
56%
What is the capital of Nigeria? Abuja
52%
Who was the first prime minister of the Democratic Republic of Congo Patrice Lumumba
40%
What is the smallest African country? Seychelles
40%
What is the most spoken language in Africa Swahili
37%
Which African country is the largest producer of cocoa beans? Cote d'Ivoire
36%
What is the cleanest African city? Kigali
36%
What is the largest city in Ivory Coast Abidjan
27%
What is the largest African city by land mass? Kinshasa
21%
The Nile River flows through how many countries? 12
16%
How many countries does the Sahara Desert span? 20
6%
No matching quizzes found
Score Distribution
Percent of People with Each Score
Percentile by Number Answered
Your Score History
You have not taken this quiz